Crisis y renovación en el derecho público

Saved in:
Bibliografiske detaljer
Hovedforfatter: Parejo Alfonso, Luciano (autor)
Format: Bog
Sprog:spansk
Udgivet: Madrid Centro de Estudios Constitucionales 1991
Serier:Cuadernos y Debates, 30
Fag:
Tags: Tilføj Tag
Ingen Tags, Vær først til at tagge denne postø!

MARC

LEADER 00000nam a2200000 a 4500
001 UCV3414
003 CL-VaPUC
008 930709e19910000SP |||||||||||||||||spa|d
082 0 4 |a 342  |b PAR  |2 21 
100 |a Parejo Alfonso, Luciano  |e autor  |9 339 
245 1 0 |a Crisis y renovación en el derecho público 
300 |a 134 p 
942 |c BK 
945 |d 19930709 00:00:00 
260 |a Madrid  |b Centro de Estudios Constitucionales  |c 1991 
650 0 |a Derecho público   |9 255910 
583 |a last modification  |c 19930709 00:00:00  |k Rodrigo Vera 
490 0 |a Cuadernos y Debates, 30 
999 |c 210642  |d 210640 
952 |0 0  |1 0  |4 0  |6 342_000000000000000_PAR_1991  |7 0  |8 A  |9 187024  |a BIBDER  |b BIBDER  |d 2019-11-14  |i 2546736  |o 342 PAR 1991  |p 2546736  |r 2023-01-25  |w 2019-11-14  |y BK  |k DER 
952 |0 0  |1 0  |4 0  |6 342_000000000000000_PAR_1991  |7 0  |8 A  |9 187025  |a BIBDER  |b BIBDER  |d 2019-11-14  |i 2546744  |o 342 PAR 1991  |p 2546744  |r 2023-01-25  |w 2019-11-14  |y BK  |k DER